000 00689nam a2200253Ia 4500
003 OSt
005 20221006143700.0
006 a|||||r|||| 00| 0
007 ta
008 221006b |||||||| |||| 00| 0 eng d
020 _c45.00
024 _a9,647
037 _cTextual
040 _aEASL
_cEASL
_beng
041 _2eng
_aeng
082 _aX:275.41.N79, M1
100 _aSHANTHA MURTHY M C
_9650236
245 0 _aEconomic development of modern China (1949-1979)
260 _aBombay
_bHimalaya Publishing House
_c1981
300 _a124p.
_ccm.
490 _v CEL
942 _hX:275.41.N79, M1
_cTEXL
_2CC
999 _c1077733
_d1077733